South Eastern Kenya University

Library Online Public Access Catalogue


A systems approach to civil engineering planning and design / (Record no. 9308)

MARC details
000 -LEADER
fixed length control field 00381pam a2200133 a 4500
020 ## - ISBN
International Standard Book Number 0060433175
050 00 - LIBRARY OF CONGRESS CALL NUMBER
Classification Number TA153
Item Number .J49 1986
100 1# - MAIN ENTRY--Author
Personal name Jewell, Thomas K.
245 12 - TITLE
Title A systems approach to civil engineering planning and design /
Statement of responsibility, etc Thomas K. Jewell.
260 ## - PUBLICATION, DISTRIBUTION, ETC.(IMPRINT)
Place of publication, distribution, etc New York :
Name of publisher, distributor, etc Harper & Row,
Date of publication, distribution, etc c1986.
300 ## - PHYSICAL DESCRIPTION
Extent xiv, 555 p. :
500 ## - GENERALNOTE
General note Includes index.
942 ## - ADDED ENTRY ELEMENTS(KOHA)
Source of classification or shelving scheme Library of Congress Classification
Koha item type General circulation
Holdings
Source of classification or shelving scheme Not for loan Location (home branch) Sublocation (holding branch) Date accessioned Source of acquisition Full call number Barcode Koha item type Public note
Library of Congress Classification   SEHSS - Library Kitui Town Campus Library 29/09/2015 Donation-Books for Africa [EHS] TA 153 .J49 1986 2015/008479 General circulation amm
Kitui, Kenya.
+254736116989
library@seku.ac.ke